| 000 | 01246cam a22001934a 4500 | ||
|---|---|---|---|
| 005 | 20250605164354.0 | ||
| 008 | 250528s ||||||||||||||||||||||||d | ||
| 035 | _a24230 | ||
| 040 |
_aGR-AtMCL _bgre _dGR-AtMCL _eAACR2 |
||
| 245 | 1 | _aReview of Clinical Pharmacology and Pharmacokinetics | |
| 260 |
_bInternational Edition, _c2018 |
||
| 300 | _a66 | ||
| 520 | _aThe Brexit Impact on UK Pharmaceutical Industry, Characteristics of Spontaneous Multiple Pregnancy in a Cohort of Greek Women during a Period of Twenty Years, New Strategies in Cosmetic Tattoo (Permanent Make up) and Tattoo Removal, Manosmed University's Risk Factor Calculator for Female Breast Cancer: Preliminary Data, Facial Deformities and Their Repair by the Aestheticians, An Evaluation of Winters Moist Wound Healing Theory and How it has Influenced Modern Day Practice, Characteristics of Spontaneous Multiple Pregnancy in a Cohort of Greek Women during a Period of Twenty Years, The Contribution of Spectroscopic Methods for the Characterization of Inflammatory Lesions in Acne and in Aesthetic and Dermatology Practice. | ||
| 700 | 1 |
_aPlessas Charalampos T _99426 |
|
| 700 | 1 |
_aPlessas Stavros T _99427 |
|
| 942 | _cCR | ||
| 999 |
_c9123 _d9123 |
||